[Event "6th Karpov"]
[Site "Poikovsky RUS"]
[Date "2005.03.05"]
[Round "7"]
[White "Onischuk,Al"]
[Black "Bacrot,E"]
[Result "0-1"]
[WhiteElo "2652"]
[BlackElo "2715"]

1.d4 d5 2.c4 dxc4 3.e4 Nf6 4.e5 Nd5 5.Bxc4 Nb6 6.Bb3 Nc6 7.Ne2 Bf5 8.Nbc3 e6
9.O-O Qd7 10.Be3 O-O-O 11.Rc1 Kb8 12.Na4 Be7 13.Nc5 Bxc5 14.Rxc5 Ne7 15.Qd2 Nbd5
16.a4 f6 17.exf6 gxf6 18.Nf4 b6 19.Rcc1 Nxf4 20.Bxf4 e5 21.Be3 c5 22.d5 Nxd5
23.Rfd1 Nb4 24.Qc3 Qb7 25.Rd2 Nc6 26.f4 Rxd2 27.Qxd2 Rd8 28.Qf2 e4 29.Rd1 Rxd1+
30.Bxd1 Qd7 31.Qd2 Kc7 32.Qxd7+ Bxd7 33.g4 f5 34.g5 Kd6 35.h4 Be6 36.h5 Nb4
37.g6 hxg6 38.h6 Bg8 39.Bb3 Bh7 40.Bc4 Nd5 41.Bxd5 Kxd5 42.Kf2 Kc4 43.Kg3 Kd3
44.Bg1 e3 45.Kh4 Ke4 46.Kg5 Kf3 47.Bxe3 Kxe3 48.Kf6 Kxf4 49.Kg7 g5 50.Kxh7 g4
51.Kg7 g3 52.h7 g2 53.h8=Q g1=Q+ 54.Kf7 Qd4 55.Qb8+ Kg4 56.Qxa7 Qxb2 57.a5 Qa2+
58.Kf6 Qxa5 59.Qg7+ Kf3 60.Qb7+ Ke3 61.Qe7+ Kd2 62.Qd6+ Kc2  0-1

[Event "6th Karpov"]
[Site "Poikovsky RUS"]
[Date "2005.03.07"]
[Round "9"]
[White "Onischuk,Al"]
[Black "Svidler,P"]
[Result "1/2-1/2"]
[WhiteElo "2652"]
[BlackElo "2735"]

1.d4 Nf6 2.c4 g6 3.Nc3 d5 4.cxd5 Nxd5 5.e4 Nxc3 6.bxc3 Bg7 7.Bc4 c5 8.Ne2 Nc6
9.Be3 O-O 10.O-O Bg4 11.f3 Na5 12.Bxf7+ Rxf7 13.fxg4 Rxf1+ 14.Kxf1 Qd6 15.e5 Qd5
16.Bf2 Rd8 17.Qa4 b6 18.Qc2 Rc8 19.Qd1 Rd8 20.Qc2  1/2-1/2

[Event "HB Global CC"]
[Site "Minneapolis USA"]
[Date "2005.05.19"]
[Round "3"]
[White "Howell,D"]
[Black "Onischuk,Al"]
[Result "1/2-1/2"]
[WhiteElo "2416"]
[BlackElo "2638"]

1.e4 e5 2.Nf3 Nc6 3.Bb5 a6 4.Ba4 Nf6 5.O-O Bc5 6.c3 b5 7.Bb3 d6 8.d4 Bb6
9.Qd3 Bg4 10.d5 Ne7 11.a4 O-O 12.h3 Bd7 13.Be3 bxa4 14.Bxa4 Nexd5 15.exd5 e4
16.Qd1 exf3 17.Qxf3 Bxe3 18.fxe3 Qb8 19.b4 Qb6 20.Bxd7 Nxd7 21.Nd2 Ne5 22.Qf2 a5
23.Nf3 Nxf3+ 24.Qxf3 f6 25.bxa5 Rxa5 26.Qe4 Rxa1 27.Rxa1 Qb8 28.Qe6+ Kh8
29.Qd7 h6 30.Ra4 f5 31.Rc4 Qe8 32.Qxe8 Rxe8 33.Rxc7 Rxe3 34.Kf2 Re5 35.c4 Re4
36.Kf3 h5 37.c5 dxc5 38.Rxc5 Kh7 39.d6 Rd4 40.Rc6 f4 41.h4 g5 42.hxg5  1/2-1/2

[Event "HB Global CC"]
[Site "Minneapolis USA"]
[Date "2005.05.20"]
[Round "5"]
[White "Harikrishna,P"]
[Black "Onischuk,Al"]
[Result "1/2-1/2"]
[WhiteElo "2646"]
[BlackElo "2638"]

1.d4 Nf6 2.Nf3 e6 3.Bg5 b6 4.c3 Bb7 5.Nbd2 Be7 6.e3 c5 7.Bd3 cxd4 8.cxd4 O-O
9.e4 h6 10.Bf4 Nc6 11.a3 d6 12.Qe2 e5 13.dxe5 Nh5 14.Be3 dxe5 15.O-O Bc5
16.Bc4 Nf6 17.b4 Nd4 18.Bxd4 Bxd4 19.Rad1 Rc8 20.Ba6 Bxa6 21.Qxa6 Qc7 22.Nxd4 exd4
23.Nf3 Nxe4 24.Rxd4 Nf6 25.Rfd1 Rfd8 26.Rxd8+ Rxd8 27.Rxd8+ Qxd8 28.Qe2 Qc7
29.Qe3 a5 30.h3 axb4 31.axb4 Qd6  1/2-1/2

[Event "HB Global CC"]
[Site "Minneapolis USA"]
[Date "2005.05.22"]
[Round "8"]
[White "Onischuk,Al"]
[Black "Khachiyan,M"]
[Result "1/2-1/2"]
[WhiteElo "2638"]
[BlackElo "2473"]

1.d4 Nf6 2.c4 g6 3.Nc3 d5 4.cxd5 Nxd5 5.e4 Nxc3 6.bxc3 Bg7 7.Bc4 O-O 8.Ne2 Nc6
9.Bg5 h6 10.Be3 e5 11.O-O Qe7 12.Qc2 Rd8 13.Rad1 Na5 14.Bd3 c5 15.Qd2 cxd4
16.cxd4 exd4 17.Bxh6 Nc6 18.Bg5 f6 19.Bf4 Be6 20.Rb1 Ne5 21.Bxe5 fxe5 22.f4 Rd6
23.Rf2 Rf8 24.Rbf1 Rc6 25.fxe5 Rxf2 26.Rxf2 Bxe5 27.Nf4 Bf7 28.Nd5 Qd8 29.g3 Kg7
30.Rf1 Bxd5 31.exd5 Rf6 32.Rxf6 Qxf6 33.Qe2 Qg5 34.Kg2 b6 35.Bc2 Qe3 36.Qd1 Bd6
37.Bb1 Bb4 38.h4 Be1 39.Qf3 Qxf3+ 40.Kxf3 Kf6 41.d6 Ke6 42.Bxg6 Kxd6 43.h5 Bd2
44.Ke4 Ke6  1/2-1/2

[Event "24th OCF NthAmOp"]
[Site "Stillwater USA"]
[Date "2005.05.27"]
[Round "2"]
[White "Onischuk,Al"]
[Black "Gossell,T"]
[Result "1-0"]
[WhiteElo "2638"]
[BlackElo "2209"]

1.e4 c5 2.Nf3 Nf6 3.e5 Nd5 4.Nc3 e6 5.b3 Nc6 6.Bb2 Nxc3 7.Bxc3 d5 8.exd6 Qxd6
9.Bc4 Bd7 10.O-O O-O-O 11.Re1 f6 12.a3 e5 13.b4 Nd4 14.bxc5 Qxc5 15.d3 Nxf3+
16.Qxf3 Bc6 17.Qe2 Bd5 18.Bxd5 Qxd5 19.Bb4 Kb8 20.Reb1 Bc5 21.c4 Qc6 22.Bxc5 Qxc5
23.Rb5 Qd4 24.Rab1 b6 25.h3 Rc8 26.Qf3 Rhd8 27.R1b3 e4 28.Qg3+ Qd6 29.Rxb6+  1-0

[Event "24th OCF NthAmOp"]
[Site "Stillwater USA"]
[Date "2005.05.30"]
[Round "8"]
[White "Kriventsov,S"]
[Black "Onischuk,Al"]
[Result "0-1"]
[WhiteElo "2409"]
[BlackElo "2638"]

1.e4 e5 2.Nf3 Nc6 3.Bb5 a6 4.Ba4 Nf6 5.O-O Bc5 6.c3 b5 7.Bc2 d6 8.a4 Bb7
9.d3 O-O 10.b4 Bb6 11.Na3 bxa4 12.Bxa4 a5 13.b5 Ne7 14.Nc4 Ng6 15.Bb3 h6
16.Qc2 Re8 17.Ne3 d5 18.Rd1 Qd7 19.Nxd5 Nxd5 20.Bxd5 Bxd5 21.exd5 Qxd5 22.c4 Qd6
23.Ba3 Bc5 24.Bxc5 Qxc5 25.Nd2 Red8 26.Ra4 Nf4 27.Nb3 Qb6 28.g3 Qg6 29.Rxa5 Rxa5
30.Nxa5 Rxd3 31.Rxd3 Nxd3 32.Nc6 Qe4 33.Ne7+ Kh7 34.Nd5 f5 35.Nxc7 Qd4 36.Qe2 e4
37.Ne6 Qxc4 38.Nf4 Qxb5 39.Qh5 Nxf4 40.gxf4 Qd5 41.Qh3 Kg6 42.Qg3+ Kf7 43.h3 Qd3
44.Qh4 Qf3 45.Kh2 Kg6 46.Kg1 Kf7 47.Kh2 Ke8 48.Kg1 Kd7 49.Kh2 Kc6 50.Kg1 e3
51.fxe3 Qxe3+ 52.Kh2 Qe2+ 53.Kg1 Qf3 54.Kh2 Kb5 55.Kg1 Kc4 56.Kh2 Kd3 57.Qd8+ Ke2
58.Qe7+ Kf1 59.Qxg7 Qxf4+ 60.Kh1 Qf3+ 61.Kh2 Qf2+ 62.Kh1 f4 63.Qa1+ Qe1 64.Qg7 f3
65.Qg6 Qd1 66.Qg7 Ke2+ 67.Kh2 Qd6+ 68.Kh1 f2 69.Qg4+ Ke3 70.Kg2 Qd5+ 71.Kh2 Qe5+
72.Kg2 Qg5 73.Qxg5+ hxg5 74.h4 Ke2 75.hxg5 f1=Q+  0-1

[Event "33rd World Open"]
[Site "Philadelphia USA"]
[Date "2005.07.04"]
[Round "9"]
[White "Ganguly,S"]
[Black "Onischuk,Al"]
[Result "1/2-1/2"]
[WhiteElo "2583"]
[BlackElo "2638"]

1.e4 e5 2.Nf3 Nc6 3.Bb5 a6 4.Ba4 Nf6 5.O-O Bc5 6.c3 b5 7.Bb3 d6 8.a4 Bg4
9.d3 Na5 10.axb5 Bxf3 11.gxf3 axb5 12.Bc2 b4 13.d4 exd4 14.Ba4+ Kf8 15.cxd4 Bb6
16.Kh1 Nh5 17.f4 g6 18.Be3 Nc4 19.Qe2 Nxe3 20.fxe3 Qh4 21.Qg2 c5 22.Nd2 cxd4
23.Nc4 Rxa4 24.Rxa4 dxe3 25.Rf3 Qe1+ 26.Rf1 Qh4 27.Rf3 Qe1+  1/2-1/2

[Event "RUS-USA Match"]
[Site "Ruschess.com INT"]
[Date "2005.07.10"]
[Round "1"]
[White "Onischuk,Al"]
[Black "Sakaev,K"]
[Result "1/2-1/2"]
[WhiteElo "2628"]
[BlackElo "2669"]

1.d4 d5 2.c4 c6 3.Nc3 Nf6 4.Nf3 a6 5.c5 Nbd7 6.Bf4 Nh5 7.e3 g6 8.Bd3 Bg7
9.O-O O-O 10.Bg5 Bf6 11.Bxf6 Nhxf6 12.Re1 Re8 13.e4 dxe4 14.Bxe4 Nxe4 15.Nxe4 Nf8
16.h3 Be6 17.Nc3 Qc7 18.Qe2 Rad8 19.Rad1 f6 20.Rd2 Bf7 21.Qe3 Kg7 22.Red1 Bd5
23.Re1 Bf7 24.Red1 Bd5 25.Re1 Bf7 26.Red1  1/2-1/2

[Event "RUS-USA Match"]
[Site "Ruschess.com INT"]
[Date "2005.07.10"]
[Round "2"]
[White "Sakaev,K"]
[Black "Onischuk,Al"]
[Result "1/2-1/2"]
[WhiteElo "2669"]
[BlackElo "2628"]

1.d4 Nf6 2.c4 e6 3.g3 d5 4.Nf3 dxc4 5.Bg2 Nc6 6.O-O a6 7.e3 Rb8 8.Nfd2 e5
9.Bxc6+ bxc6 10.dxe5 Ng4 11.Nxc4 Be6 12.Qxd8+ Rxd8 13.Nbd2 Bb4 14.b3 Bxd2
15.Nxd2 Nxe5 16.Bb2 Rxd2 17.Bxe5 f6 18.Bxc7 Kf7 19.Rfd1 Rxd1+ 20.Rxd1 Rc8
21.Ba5 c5 22.Bc3 a5 23.Bxa5 Ra8 24.Bb6 Rxa2 25.Bxc5 Bxb3 26.Rc1 Rc2 27.Rxc2 Bxc2
28.f3 f5 29.Kf2  1/2-1/2

[Event "American Continental"]
[Site "Buenos Aires ARG"]
[Date "2005.08.06"]
[Round "1"]
[White "Onischuk,Al"]
[Black "Tovillas,D"]
[Result "1-0"]
[WhiteElo "2628"]
[BlackElo "2310"]

1.d4 f5 2.c4 Nf6 3.Nc3 g6 4.g3 Bg7 5.Bg2 O-O 6.Nf3 c6 7.O-O d6 8.d5 Bd7 9.Rb1 a5
10.Nd4 Qc7 11.c5 dxc5 12.Bf4 Qc8 13.Nb3 b6 14.Nd2 Kh8 15.Nc4 Ra6 16.d6 e6
17.e4 fxe4 18.Nxe4 Nd5 19.Be5 Nf6 20.Nxf6 Bxf6 21.Bxf6+ Rxf6 22.Qe2 Qf8 23.Rbd1 Qg7
24.Rfe1 Rf8 25.h4 Be8 26.Qxe6 Bf7 27.Qe2 Bxc4 28.Qxc4 Ra7 29.Re2 Rd7 30.Qe6 Rdf7
31.f4 Rf6 32.Qb3 b5 33.Qc3 c4 34.Qxa5 R6f7 35.Qa3 Rd8 36.Qc5 Qf6 37.a4 Rfd7
38.axb5 cxb5 39.Qxb5 Rxd6 40.Rxd6 Qxd6 41.Qxc4 Nd7 42.Qc3+ Nf6 43.Bf3 h5
44.Kg2 Kh7 45.Qe5 Qb6 46.f5 Re8 47.fxg6+ Kg7 48.Qc3 Rxe2+ 49.Bxe2 Kxg6 50.Bf3 Qa7
51.Qc8 Qb6 52.Qc2+ Kf7 53.Qd2 Qb3 54.Qc3 Qa2 55.Qc2 Kg7 56.Qd2 Kf7 57.Qe2 Kg7
58.b4 Qb3 59.b5 Kg6 60.Bxh5+ Nxh5 61.Qg4+ Kh6 62.Qg5+ Kh7 63.Qxh5+ Kg7 64.Qe5+ Kg6
65.Qe4+ Kg7 66.Qb7+ Kg6 67.Qc6+ Kg7 68.b6 Qa2+ 69.Kh3 Qf2 70.b7 Qf1+ 71.Kh2 Qf2+
72.Qg2 Qb6 73.Qf3 Qb2+ 74.Kh3 Qb1 75.h5 Qb5 76.Qg4+ Kh7 77.Qf3 Qb1 78.Qf7+  1-0

[Event "American Continental"]
[Site "Buenos Aires ARG"]
[Date "2005.08.07"]
[Round "2"]
[White "Leon Hoyos,M"]
[Black "Onischuk,Al"]
[Result "0-1"]
[WhiteElo "2431"]
[BlackElo "2628"]

1.e4 e5 2.Nf3 Nc6 3.Bb5 a6 4.Ba4 Nf6 5.O-O Be7 6.Re1 b5 7.Bb3 d6 8.c3 O-O
9.d3 Na5 10.Bc2 c5 11.Nbd2 Re8 12.Nf1 h6 13.h3 Nc6 14.a4 Rb8 15.axb5 axb5
16.d4 Bf8 17.d5 Ne7 18.b4 Ng6 19.Ng3 Qc7 20.Be3 Nf4 21.Qd2 Nd7 22.bxc5 dxc5
23.Nf5 g6 24.Bxf4 exf4 25.d6 Qb6 26.Ne7+ Bxe7 27.dxe7 Rxe7 28.Qxf4 Qf6 29.Qc7 Kg7
30.e5 Qb6 31.Ra7 Rb7 32.Qxb6 Nxb6 33.Raa1 Nc4 34.Bd3 Be6 35.Ra6 Bd5 36.Bxc4 Bxc4
37.Nd2 Bd5 38.Rd6 Rbd7 39.Rxd7 Rxd7 40.Rb1 Bc6 41.Nb3 Rd3 42.Nxc5 Rxc3 43.Na6 Bd7
44.Rb2 g5 45.Kh2 Kf8 46.Rd2 Ke7 47.Nb4 Rc5 48.Rd6 Be6 49.Nc6+ Kf8 50.Nd4 Rxe5
51.Rb6 Bd7 52.Rxh6 Rd5 53.Nb3 b4 54.Rb6 Rb5 55.Rxb5 Bxb5 56.Nd2 Ke7 57.Kg3 Ke6
58.Kf3 Bc6+ 59.Ke3 Bxg2 60.f4 gxf4+ 61.Kxf4 Bxh3 62.Ke4 Bg2+ 63.Kd4 Bd5 64.Kc5 b3
65.Kd4 f5  0-1

[Event "American Continental"]
[Site "Buenos Aires ARG"]
[Date "2005.08.09"]
[Round "4"]
[White "Felgaer,R"]
[Black "Onischuk,Al"]
[Result "1/2-1/2"]
[WhiteElo "2618"]
[BlackElo "2628"]

1.e4 e5 2.Nf3 Nc6 3.Bc4 Bc5 4.c3 Nf6 5.d3 a6 6.O-O Ba7 7.Bb3 d6 8.Be3 O-O
9.Nbd2 h6 10.h3 Re8 11.Bxa7 Rxa7 12.Re1 Ne7 13.d4 Ng6 14.Nc4 Be6 15.dxe5 Bxc4
16.Bxc4 Nxe5 17.Nxe5 dxe5 18.Qb3 Qe7 19.a4 c6 20.a5 Raa8 21.Rad1 Rad8 22.Bd3 g6
23.Bc2 Kg7 24.Qc4 h5 25.h4 Ng4 26.g3 Qf6 27.Qe2 Qe6 28.b4 c5 29.Ba4 Rf8 30.bxc5 Qe7
31.c6 bxc6 32.Qxa6 Ra8 33.Qxc6 Rxa5 34.Bb5 Rd8 35.Be2 Rc5 36.Qb6 Rxd1 37.Rxd1 Rxc3
38.Bxg4  1/2-1/2

[Event "American Continental"]
[Site "Buenos Aires ARG"]
[Date "2005.08.11"]
[Round "6"]
[White "Bruzon,L"]
[Black "Onischuk,Al"]
[Result "1/2-1/2"]
[WhiteElo "2662"]
[BlackElo "2628"]

1.Nf3 d5 2.d4 Nf6 3.c4 e6 4.Nc3 Bb4 5.cxd5 exd5 6.Bg5 h6 7.Bxf6 Qxf6 8.Qb3 Qd6
9.a3 Bxc3+ 10.Qxc3 Bf5 11.e3 Nd7 12.Be2 O-O 13.O-O a5 14.b4 axb4 15.axb4 c6
16.Rfc1 Rfc8 17.h3 Nf6 18.Nd2 Qd8 19.Bf1 Ne8  1/2-1/2

[Event "American Continental"]
[Site "Buenos Aires ARG"]
[Date "2005.08.13"]
[Round "8"]
[White "Onischuk,Al"]
[Black "Ivanov,AV USA"]
[Result "1/2-1/2"]
[WhiteElo "2628"]
[BlackElo "2566"]

1.Nf3 Nf6 2.c4 b6 3.Nc3 Bb7 4.g3 c5 5.Bg2 Nc6 6.O-O Nd4 7.e3 Nxf3+ 8.Bxf3 Bxf3
9.Qxf3 Rc8 10.d4 cxd4 11.exd4 e6 12.b3 d5 13.Bg5 Bb4 14.Rfc1 O-O 15.Ne2 Be7
16.a4 h6 17.Be3 Rc7 18.Nc3 Qd7 19.cxd5 exd5 20.Bf4 Rc6 21.Qd3 Rfc8 22.Ne2 Rxc1+
23.Rxc1 Rxc1+ 24.Bxc1 Ne4 25.f3 Ng5 26.h4 Ne6 27.Kg2 h5 28.Nf4 Nxf4+ 29.Bxf4 Bd6
30.Qe3 Bxf4 31.Qxf4 g6 32.g4 hxg4 33.fxg4 Qe7 34.Qb8+ Kh7 35.Qf4 Kg8 36.Qb8+ Kh7
37.Qf4  1/2-1/2

[Event "American Continental"]
[Site "Buenos Aires ARG"]
[Date "2005.08.14"]
[Round "9"]
[White "Ibragimov,I"]
[Black "Onischuk,Al"]
[Result "1/2-1/2"]
[WhiteElo "2605"]
[BlackElo "2628"]

1.c4 e6 2.Nc3 d5 3.d4 Nf6 4.cxd5 Nxd5 5.e4 Nxc3 6.bxc3 c5 7.Nf3 cxd4 8.cxd4 Bb4+
9.Bd2 Bxd2+ 10.Qxd2 O-O 11.Rd1 b6 12.Bd3 Nc6 13.Qe3 Nb4 14.O-O Nxd3 15.Qxd3 Bb7
16.d5 exd5 17.exd5 Qf6 18.Rfe1 Rad8 19.Re5 Rfe8 20.Rxe8+ Rxe8 21.d6 Rd8 22.Ne1 Qe6
23.a3 Bc6 24.Qd4 h6 25.f3 Qb3 26.Rd3 Qa4 27.Qxa4 Bxa4 28.Rd4 Bc6 29.Nd3 f6
30.f4 g6 31.Kf2 Kf7 32.f5 gxf5 33.Nf4 Ke8 34.Ne6 Rd7 35.g3 Rf7 36.Rc4 Kd7
37.Nd4 Bd5 38.Rc3 f4 39.gxf4 Kxd6 40.Nf5+ Ke6 41.Nxh6 Rg7 42.Re3+ Kd7 43.Rd3 Kc6
44.Nf5 Rg2+ 45.Kf1 Bc4 46.Kxg2 Bxd3 47.Ne3 b5 48.Kf2 a5 49.Ke1 Kc5 50.Kd2 Kd4
51.h4 Bg6 52.Ng4 b4 53.axb4 axb4 54.Nxf6 b3 55.Kc1 Kc3 56.Nd5+ Kd4 57.Ne7 Bh7  1/2-1/2

[Event "American Continental"]
[Site "Buenos Aires ARG"]
[Date "2005.08.15"]
[Round "10"]
[White "Onischuk,Al"]
[Black "Nogueiras,J"]
[Result "1-0"]
[WhiteElo "2628"]
[BlackElo "2541"]

1.d4 d5 2.c4 e6 3.Nc3 Bb4 4.Nf3 Ne7 5.e3 c5 6.a3 Bxc3+ 7.bxc3 Nbc6 8.Bd3 b6
9.O-O Ba6 10.cxd5 Bxd3 11.Qxd3 Qxd5 12.Rd1 Na5 13.Qb5+ Nec6 14.a4 O-O 15.Ba3 Rfd8
16.h3 cxd4 17.cxd4 Rac8 18.Rac1 Nb8 19.Nd2 h6 20.Be7 Re8 21.Bb4 Nac6 22.Bc3 Ne7
23.Qe2 f5 24.f3 Nd7 25.e4 fxe4 26.fxe4 Qg5 27.Qb5 Qe3+ 28.Kh1 Nf6 29.Re1 Qg3
30.Nf1 Qh4 31.Qe2 Ng6 32.Bd2 Rxc1 33.Bxc1 Rf8 34.Kg1 Nh5 35.Rd1 Nhf4 36.Qa2 Qg5
37.Kh2 Nh4 38.Ng3 Nhg6 39.Rf1 Qh4 40.d5 Nh5 41.Rxf8+ Nxf8 42.Nxh5 Qxh5 43.Qc4 Qe5+
44.Kg1 Kf7 45.Bd2 Nd7 46.Bc3  1-0

[Event "American Continental"]
[Site "Buenos Aires ARG"]
[Date "2005.08.16"]
[Round "11"]
[White "Milos,G"]
[Black "Onischuk,Al"]
[Result "1/2-1/2"]
[WhiteElo "2606"]
[BlackElo "2628"]

1.e4 e5 2.Nf3 Nc6 3.Nc3 Nf6 4.Bb5 Nd4 5.Nxd4 exd4 6.Nd5 Nxd5 7.exd5 Bc5 8.Qe2+ Qe7
9.Qxe7+ Bxe7 10.d3 O-O 11.O-O d6 12.Bd2 a6 13.Bc4 Bd7 14.Rfe1 Bf6 15.Re2 Rae8
16.Rae1 Rxe2 17.Rxe2 Re8 18.Rxe8+ Bxe8  1/2-1/2

[Event "Bundesliga 2005-6"]
[Site "Baden Baden GER"]
[Date "2005.10.21"]
[Round "7"]
[White "Onischuk,Al"]
[Black "Bacrot,E"]
[Result "1/2-1/2"]
[WhiteElo "2640"]
[BlackElo "2725"]

1.d4 d5 2.c4 dxc4 3.e4 Nf6 4.e5 Nd5 5.Bxc4 Nb6 6.Bb3 Nc6 7.Ne2 Bf5 8.Nbc3 e6
9.O-O Qd7 10.Be3 O-O-O 11.Rc1 Kb8 12.Na4 Be7 13.Nxb6 cxb6 14.Ba4 Rc8 15.Qb3 Qd8
16.Qd1 Qd7 17.Qb3 Qd8 18.Qd1  1/2-1/2

[Event "Bundesliga 2005-6"]
[Site "Baden Baden GER"]
[Date "2005.10.22"]
[Round "1"]
[White "Vogt,L"]
[Black "Onischuk,Al"]
[Result "1/2-1/2"]
[WhiteElo "2484"]
[BlackElo "2640"]

1.e4 e5 2.Bc4 Nf6 3.d3 Nc6 4.Nc3 Na5 5.Nge2 c6 6.a4 Nxc4 7.dxc4 Be7 8.O-O O-O
9.b3 d6 10.Ng3 Be6 11.Ba3 Qc7 12.Re1 Rad8 13.Qf3 g6 14.Qe3 Ne8 15.Rad1 Ng7
16.h3 f5 17.exf5 gxf5 18.f4 e4 19.Qxa7 c5 20.Nb5 Qc6 21.Qa5 Bf6 22.Qd2 d5
23.cxd5 Rxd5 24.Qe2 Rfd8 25.Bc1 c4 26.bxc4 Rxd1 27.Rxd1 Bxc4 28.Rxd8+ Bxd8
29.Qf2 Bh4 30.Qe3 Bxb5 31.axb5 Qxc2 32.Kh2 Kf7 33.Ne2 Ne6 34.Bd2 Bf2 35.Qc3 Qd1
36.Qe5 Qxd2 37.Qxf5+ Ke7 38.Qxh7+ Kd6 39.Qxe4 Qe3 40.Qxe3 Bxe3 41.Kg3 Nc7
42.Kf3 Ba7 43.g4 Nxb5 44.Ke4 Ke6 45.f5+ Kf6 46.h4 Nd6+ 47.Kf4 Nb5  1/2-1/2

[Event "Bundesliga 2005-6"]
[Site "Baden Baden GER"]
[Date "2005.10.23"]
[Round "2"]
[White "Onischuk,Al"]
[Black "Richter,Mic"]
[Result "1-0"]
[WhiteElo "2640"]
[BlackElo "2407"]

1.d4 Nf6 2.c4 e6 3.Nc3 Bb4 4.e3 b6 5.Bd3 Bb7 6.Nf3 O-O 7.O-O d5 8.cxd5 exd5
9.a3 Bd6 10.b4 a6 11.Qb3 Re8 12.a4 Nc6 13.Ba3 a5 14.b5 Nb4 15.Be2 Qe7 16.Rac1 Rad8
17.Bb2 Bc8 18.Ne5 Bxe5 19.dxe5 Qxe5 20.Na2 Qg5 21.Nxb4 axb4 22.Rxc7 Bh3 23.Bf3 Ne4
24.Qxb4 Rd6 25.Rc6 Rg6 26.Rxg6 Qxg6 27.Qd4 Ng5 28.Bh5  1-0

[Event "World Team Ch"]
[Site "Beer Sheva ISR"]
[Date "2005.11.02"]
[Round "2"]
[White "Ivanchuk,V"]
[Black "Onischuk,Al"]
[Result "1-0"]
[WhiteElo "2748"]
[BlackElo "2640"]

1.d4 Nf6 2.c4 e6 3.Nf3 d5 4.Nc3 Be7 5.Bg5 h6 6.Bh4 O-O 7.e3 Ne4 8.Bxe7 Qxe7
9.Rc1 Nxc3 10.Rxc3 c6 11.Be2 Nd7 12.O-O Re8 13.Qc2 dxc4 14.Bxc4 e5 15.d5 Nb6
16.dxc6 bxc6 17.Rc1 Nd5 18.Rb3 a5 19.Qe4 a4 20.Ra3 Bd7 21.Bxd5 cxd5 22.Qxd5 Rab8
23.Rac3 Bg4 24.b3 axb3 25.axb3 Rb4 26.Ne1 Rd8 27.Qa5 Rdb8 28.h3 R4b5 29.Qa1 Be6
30.Nf3 Bxb3 31.Rc8+ Rxc8 32.Rxc8+ Kh7 33.Qa8 Rd5 34.Qb8 Ba4 35.e4 Rb5 36.Rh8+ Kg6
37.Qg8 Rb1+ 38.Kh2 Bd7 39.Qh7+ Kf6 40.Rg8 Ke6 41.Qxg7 Qf6 42.Qg3 Rb5 43.Ra8 Ke7
44.Qg8 Qf4+ 45.g3 Qxf3 46.Qd8+ Kd6 47.Ra6+ Kc5 48.Qe7+ Kc4 49.Ra4+ Kc3 50.Ra3+ Rb3
51.Qxe5+ Kc2 52.Ra2+ Kc1 53.Qa1+ Rb1 54.Qd4  1-0

[Event "World Team Ch"]
[Site "Beer Sheva ISR"]
[Date "2005.11.04"]
[Round "4"]
[White "Onischuk,Al"]
[Black "Aronian,L"]
[Result "1/2-1/2"]
[WhiteElo "2640"]
[BlackElo "2724"]

1.d4 Nf6 2.c4 e6 3.Nf3 b6 4.g3 Ba6 5.b3 Bb4+ 6.Bd2 Be7 7.Bg2 c6 8.Bc3 d5
9.Ne5 Nfd7 10.Nxd7 Nxd7 11.Nd2 O-O 12.O-O Rb8 13.Bb2 Nf6 14.e4 c5 15.exd5 exd5
16.Re1 dxc4 17.Nxc4 Bxc4 18.bxc4 cxd4 19.Qxd4 Bb4 20.Red1  1/2-1/2

[Event "World Team Ch"]
[Site "Beer Sheva ISR"]
[Date "2005.11.05"]
[Round "5"]
[White "Svidler,P"]
[Black "Onischuk,Al"]
[Result "1/2-1/2"]
[WhiteElo "2740"]
[BlackElo "2640"]

1.e4 e5 2.Nf3 Nc6 3.Bb5 a6 4.Ba4 Nf6 5.O-O Bc5 6.c3 b5 7.Bc2 d5 8.d4 dxe4
9.dxe5 exf3 10.exf6 Qxf6 11.Re1+ Be6 12.Nd2 O-O-O 13.Qxf3 Qxf3 14.Nxf3 Bd5
15.b4  1/2-1/2

[Event "World Team Ch"]
[Site "Beer Sheva ISR"]
[Date "2005.11.08"]
[Round "7"]
[White "Bu Xiangzhi"]
[Black "Onischuk,Al"]
[Result "1/2-1/2"]
[WhiteElo "2637"]
[BlackElo "2640"]

1.d4 Nf6 2.c4 e6 3.Nc3 Bb4 4.Qc2 O-O 5.a3 Bxc3+ 6.Qxc3 b6 7.Bg5 Bb7 8.e3 d6
9.Ne2 Nbd7 10.Rd1 h6 11.Bh4 d5 12.f3 c5 13.Qc2 Qc8 14.Bf2 dxc4 15.Qxc4 Ba6
16.Qc3 Qb7 17.e4 Rac8 18.Qd2 Rfd8 19.Nc3 Bxf1 20.Rxf1 cxd4 21.Qxd4 e5 22.Qd2 Qa8
23.Qe2 Nc5 24.Rxd8+ Rxd8 25.Bxc5 bxc5 26.Kf2 Qc6 27.Rc1 Rd4 28.Nb5 Nxe4+
29.Ke1 Ra4 30.b4 a6 31.Na7 Qb7 32.Qxe4 Qxa7 33.Qe3 a5 34.bxc5 Qc7 35.c6 Rd4
36.Kf2 a4 37.Rc2 Kh7 38.g3 f6 39.Kg2 h5 40.Qe1 f5 41.Qe2 Kg6 42.h4 f4 43.gxf4 Rxf4
44.Rc4 Rf6 45.Qd3+ Kf7 46.Qd5+ Ke7 47.Kf1 Re6 48.Qc5+ Kf7 49.Ke2 Rd6 50.Qb5 Qd8
51.Qb7+ Ke6 52.Qb2 Qc7 53.Qc2 Kf6 54.Qc1 Kf7 55.Qc2 e4 56.Rc5 exf3+ 57.Kxf3 g6
58.Kg2 Kg7 59.Qb2+ Kg8 60.Qe2 Kh7 61.Qc2 Kg7 62.Qb2+ Kg8 63.Qa2+ Kh7 64.Qc2 Kg7  1/2-1/2

[Event "World Team Ch"]
[Site "Beer Sheva ISR"]
[Date "2005.11.10"]
[Round "9"]
[White "Gelfand,B"]
[Black "Onischuk,Al"]
[Result "1/2-1/2"]
[WhiteElo "2717"]
[BlackElo "2640"]

1.d4 Nf6 2.c4 e6 3.g3 d5 4.Bg2 Be7 5.Nf3 O-O 6.O-O dxc4 7.Qc2 a6 8.Qxc4 b5
9.Qc2 Bb7 10.Bd2 Be4 11.Qc1 Qc8 12.Bg5 Nbd7 13.Nbd2 Bb7 14.Nb3 c5 15.Bxf6 Bxf6
16.Nxc5 Nxc5 17.dxc5 Be7 18.b4 Bf6 19.Rb1 Be4 20.Rb3 a5 21.a3 Bd5 22.Nd2 Bxb3
23.Bxa8 Qxa8 24.Nxb3 axb4 25.axb4 Qa4 26.Qe3 Qxb4 27.Rc1 Rc8 28.c6 g6 29.Qb6 Be5
30.Nc5 Qd2 31.Nd3  1/2-1/2

[Event "ch-USA GpA"]
[Site "San Diego USA"]
[Date "2006.03.02"]
[Round "1"]
[White "Onischuk,Al"]
[Black "Florean,A"]
[Result "1-0"]
[WhiteElo "2650"]
[BlackElo "2426"]

1.d4 Nf6 2.c4 g6 3.Nc3 Bg7 4.Nf3 O-O 5.e4 d6 6.Be2 e5 7.Be3 Nbd7 8.O-O Re8
9.d5 Nh5 10.g3 Bf8 11.Ne1 Ng7 12.Nd3 f5 13.f3 Be7 14.b4 Rf8 15.c5 Nf6 16.Rc1 h5
17.Nf2 h4 18.g4 f4 19.Bd2 dxc5 20.Nd3 cxb4 21.Nb5 c6 22.d6 Qb6+ 23.Kh1 Bd8
24.Nxe5 cxb5 25.Nxg6 Rf7 26.Bxf4 Be6 27.Qd2 Nd7 28.Be3 Qa5 29.Bd4 Kh7 30.f4 b3
31.Qe3 b2 32.Bxb2 Qb6 33.Qd2 Bc4 34.Rxc4 bxc4 35.Bxc4 Kxg6 36.f5+ Kh7 37.Bxf7 Qb5
38.Rg1 Bf6 39.g5 Nxf5 40.g6+  1-0

[Event "ch-USA GpA"]
[Site "San Diego USA"]
[Date "2006.03.05"]
[Round "3"]
[White "Onischuk,Al"]
[Black "Gonzalez,Ren"]
[Result "1-0"]
[WhiteElo "2650"]
[BlackElo "2470"]

1.d4 d5 2.c4 c6 3.Nf3 Nf6 4.Nc3 a6 5.a4 Bf5 6.Qb3 Ra7 7.Bg5 e6 8.e3 Be7 9.a5 Nbd7
10.Be2 h6 11.Bf4 Ne4 12.Nxe4 Bxe4 13.O-O O-O 14.Nd2 Bg6 15.Bf3 Bg5 16.Rfd1 Bxf4
17.exf4 Nf6 18.c5 Bh5 19.Bxh5 Nxh5 20.g3 Nf6 21.Re1 Re8 22.Re2 Qc7 23.Qb6 Qb8
24.Rae1 g6 25.h4 h5 26.Nf3 Nd7 27.Qb4 Ra8 28.Ng5 Qc7 29.Qd2 Nf6 30.Kg2 Kg7
31.f3 Re7 32.b4 Rh8 33.Qd3 Ree8 34.Re5 Nd7 35.R5e2 Nf6 36.Re3 Qb8 37.Qc2 Qc7
38.Qe2 Qb8 39.Re5 Nd7 40.Nxe6+ fxe6 41.Rxe6 Rxe6 42.Qxe6 Nf8 43.Qe7+ Kg8
44.f5 Rh7 45.Qg5 Rg7 46.Re7 Rxe7 47.Qxe7 gxf5 48.Qg5+ Kf7 49.Qxf5+ Kg7 50.Qxh5 Ne6
51.Qf5 Qe8 52.Qe5+ Kf7 53.Kf2 Qg8 54.f4 Qg4 55.h5 Qh3 56.f5 Ng5 57.Qc7+ Kf6
58.Qd6+ Kxf5 59.Qf4+ Ke6 60.Qe5+ Kf7 61.Qxg5 Qh2+ 62.Kf3 Qh1+ 63.Kg4 Qd1+
64.Kf5 Qxd4 65.Qf4 Qd3+ 66.Ke5+ Ke8 67.h6 d4 68.g4 Kd7 69.Qxd4+  1-0

[Event "ch-USA GpA"]
[Site "San Diego USA"]
[Date "2006.03.06"]
[Round "4"]
[White "De Firmian,N"]
[Black "Onischuk,Al"]
[Result "1/2-1/2"]
[WhiteElo "2547"]
[BlackElo "2650"]

1.e4 e5 2.Nf3 Nc6 3.Bb5 a6 4.Ba4 Nf6 5.O-O Bc5 6.c3 b5 7.Bc2 d5 8.exd5 Qxd5
9.d4 exd4 10.Bb3 Qd6 11.Re1+ Kf8 12.Bg5 Bf5 13.cxd4 Nxd4 14.Nxd4 Qxd4 15.Qf3 Be4
16.Qf4 Bd5 17.Nc3 Bxb3 18.axb3 h6 19.Nxb5 Qxf2+ 20.Qxf2 Bxf2+ 21.Kxf2 hxg5
22.Nxc7 Rb8 23.Kg1 Rxb3 24.Rxa6 Kg8 25.Ra5 Rxb2 26.Rxg5 Rh5 27.Rxh5 Nxh5
28.Nd5 Nf6 29.Nxf6+ gxf6 30.h3 Kg7  1/2-1/2

[Event "ch-USA GpA"]
[Site "San Diego USA"]
[Date "2006.03.08"]
[Round "6"]
[White "Kudrin,S"]
[Black "Onischuk,Al"]
[Result "0-1"]
[WhiteElo "2554"]
[BlackElo "2650"]

1.e4 e5 2.Nf3 Nc6 3.Bc4 Nf6 4.d3 Be7 5.O-O O-O 6.Bb3 d6 7.c3 Na5 8.Bc2 c5
9.Re1 Re8 10.d4 exd4 11.cxd4 Bg4 12.d5 Nd7 13.Nbd2 Bf6 14.Rb1 b5 15.h3 Bxf3
16.Nxf3 Nc4 17.Bd3 Rb8 18.a4 a6 19.axb5 axb5 20.Qe2 Qa5 21.Bxc4 bxc4 22.Bf4 Be5
23.Bxe5 Nxe5 24.Nxe5 Rxe5 25.Qxc4 f5 26.Qc3 Qxc3 27.bxc3 Rxb1 28.Rxb1 Rxe4
29.Kf1 Kf7 30.Rb7+ Kf6 31.Rd7 Ke5 32.Rxg7 Kxd5 33.Rxh7 Rc4 34.Rh5 Rxc3 35.Rxf5+ Ke4
36.Rf6 d5 37.h4 d4 38.h5 d3 39.Ke1 Rc1+ 40.Kd2 Rc2+ 41.Kd1 c4 42.h6 c3 43.Re6+ Kd5
44.Re5+ Kc4 45.Re4+ Kb3 46.Re3 Rd2+  0-1

[Event "ch-USA GpA"]
[Site "San Diego USA"]
[Date "2006.03.09"]
[Round "7"]
[White "Onischuk,Al"]
[Black "Schneider,Dm"]
[Result "1-0"]
[WhiteElo "2650"]
[BlackElo "2486"]

1.c4 e6 2.d4 d5 3.Nc3 c6 4.Nf3 dxc4 5.e3 b5 6.a4 Bb4 7.Bd2 a5 8.axb5 Bxc3
9.Bxc3 cxb5 10.b3 Bb7 11.bxc4 b4 12.Bb2 Nf6 13.Bd3 Nbd7 14.O-O O-O 15.Re1 Ne4
16.Nd2 Nxd2 17.Qxd2 Qc7 18.c5 Rfb8 19.Rac1 Qc6 20.e4 a4 21.Qxb4 Ba6 22.d5 exd5
23.exd5 Qh6 24.Qxa4 Bb5 25.Qg4 Nxc5 26.Bxb5 Rxb5 27.Qe2  1-0